Con ngựa trong văn hoá người Hmông - Bắc Hà - Lào Cai /

में बचाया:
ग्रंथसूची विवरण
मुख्य लेखक: Vũ Thị Trang.
स्वरूप: Sách giấy
भाषा:Vietnamese
प्रकाशित: H. : Văn hoá-Thông tin, 2014.
विषय:
टैग : टैग जोड़ें
कोई टैग नहीं, इस रिकॉर्ड को टैग करने वाले पहले व्यक्ति बनें!
Thư viện lưu trữ: Thư viện Trường Đại học Đà Lạt
LEADER 01120nam a2200313 4500
001 DLU150168596
005 ##20150403
020 # # |a 9786045015285 
040 # # |a DLU  |b vie 
041 # # |a vie 
044 # # |a vn 
082 # # |a 305.895 922  |b VU-T 
100 # # |a Vũ Thị Trang. 
245 # # |a Con ngựa trong văn hoá người Hmông - Bắc Hà - Lào Cai /  |c Vũ Thị Trang. 
260 # # |a H. :  |b Văn hoá-Thông tin,  |c 2014. 
300 # # |a 186 tr. :  |b minh hoạ ;  |c 21 cm. 
505 # # |a Chương I. Huyện vùng cao Bắc Hà -- Chương II. Tri thức dân gian trong nghề nuôi ngựa truyền thống của người Hmông -- Chương III. Con ngựa trong văn hoá dân gian người Hmông -- Chương IV. Vai trò của con ngựa trong đời sống kinh tế người Hmông. 
650 # # |a H'Mông (Dân tộc Châu Á)  |z Việt Nam  |z Lào Cai  |x Văn hoá dân gian. 
923 # # |a 07/2014 
991 # # |a SH 
992 # # |a 7400 
994 # # |a DLU 
900 # # |a True 
911 # # |a Đào Thị Thu Huyền 
925 # # |a G 
926 # # |a A 
927 # # |a SH 
980 # # |a Thư viện Trường Đại học Đà Lạt